=LDR 00000nam 2200000 4500 =001 INLIS000000000017466 =005 20130612112655 =008 ***********************************Ind** =035 ##$$0010-061300000017466 =041 ##$$a Ind =082 ##$$a 691.7 =090 ##$$a 691.7, Pot k =100 ##$$a Potma, A.P =245 ##$$a Konstruksi baja, teori perhitungan dan pelaksanaan, oleh A.P Potma ; diindonesiakan oleh Hendaro =260 ##$$a 2001 $b Jakarta =300 ##$$a 386 hlm, ilus, 29 cm =650 ##$$a Baja struktural =700 ##$$a Hendarji =850 ##$$a NBPNMAT